000
00274nam a2200109Ia 4500
008
220204s9999 xx 000 0 und d
082
_a
012.564583
_b
SME
100
_a
Smelser, N J
245
0
_a
Sociology of economic life
260
_a
Delhi
_b
Prentice Hall
_c
1963
942
_c
BK
999
_c
29206
_d
29206